000
00323nam a22001337a 4500
003
SGT
082
_a
617.692
_b
M13K
100
_a
KOTRA, ROHINIKA
245
_a
MAXILLOFACIAL PROSTHETIC MATERIALS
260
_a
DELHI NCR
_b
SGT UNIVERSITY GURUGRAM
_c
2013
300
_a
1-104
650
_a
PROSTHODONTICS
942
_2
ddc
_c
TH
999
_c
18861
_d
18861